| 000 | 00580nam a2200193Ia 4500 | ||
|---|---|---|---|
| 008 | 131103s9999 xx 000 0 und d | ||
| 040 | _aLoreto College | ||
| 041 | _aEnglish | ||
| 082 |
_a842/ION _bLCLIB/16785 |
||
| 100 | _aIonesco, Eugene | ||
| 245 |
_aRhinoceros _b The chairs; The lesson _cEugene Ionesco; Translated by Derek Prouse & Donald Watson |
||
| 260 |
_aHarmondsworth _bPenguin Books _c1969 |
||
| 300 |
_a217p. _c 18cm. |
||
| 440 | _aPenguin plays : No. 13 | ||
| 650 | _aFrench drama | ||
| 700 | _aProuse, Derek ; tr. | ||
| 850 | _aLCLIB/843/ION | ||
| 942 | _cBK | ||
| 999 |
_c24003 _d74482 |
||